|
|
|
|
| LEADER |
01204nam a2200265 u 4500 |
| 001 |
10057820 |
| 003 |
upatras |
| 005 |
20210117200857.0 |
| 008 |
060919s1990 us eng |
| 020 |
|
|
|a 0805801278
|
| 040 |
|
|
|a ΠΑΝΕΠΙΣΤΗΜΙΟ ΠΑΤΡΑΣ
|c ΠΑΝΕΠΙΣΤΗΜΙΟ ΠΑΤΡΑΣ
|
| 041 |
0 |
|
|a eng
|
| 082 |
0 |
4 |
|a 371.307 8
|
| 100 |
1 |
|
|a Flagg, Barbara N.
|9 50567
|
| 245 |
1 |
0 |
|a Formative evaluation for educational technologies
|c Barbara N. Flagg
|
| 260 |
|
|
|a Hillsdale, N.J.
|b Lawrence Erlbaum Associates
|c 1990
|
| 300 |
|
|
|a xiii, 259 p.
|b ill.
|c 24 cm.
|
| 504 |
|
|
|a Includes bibliographical references and indexes
|
| 650 |
|
4 |
|a Εκπαιδευτική τεχνολογία
|z Ηνωμένες Πολιτείες Αμερικής
|9 50568
|
| 650 |
|
4 |
|a Εκπαιδευτικό σύστημα
|z Ηνωμένες Πολιτείες Αμερικής
|9 50569
|
| 852 |
|
|
|a GR-PaULI
|b ΠΑΤΡΑ
|b ΠΤΔΕ
|k ΑΣΧΞ
|h 371.307 8 FLA
|m 8492
|p 025000133902
|t 1
|
| 942 |
|
|
|2 ddc
|c BK15
|
| 952 |
|
|
|0 0
|1 0
|4 0
|6 371_307000000000000_8_FLA
|7 0
|9 53597
|a PTDE
|b PTDE
|d 2016-04-24
|i 8492
|l 0
|o 371.307 8 FLA
|p 025000133902
|r 2016-04-24 00:00:00
|t 1
|w 2016-04-24
|y BK15
|
| 998 |
|
|
|c ΤΣΕΝΕ
|d 2006-09
|
| 999 |
|
|
|c 34226
|d 34226
|